[Event "Bundesliga 0102"]
[Site "Germany"]
[Date "2002.04.28"]
[Round "15.4"]
[White "Hansen, Curt"]
[Black "Hertneck, Gerald"]
[Result "1/2-1/2"]
[WhiteElo "2626"]
[BlackElo "2572"]
[Annotator "Ribli,Z"]
[PlyCount "80"]
[EventDate "2001.10.06"]
[EventType "team-tourn"]
[EventRounds "15"]
[EventCountry "GER"]
[SourceTitle "CBM 089"]
[Source "ChessBase"]
[SourceDate "2002.08.12"]
[SourceVersion "1"]
[SourceVersionDate "2002.08.12"]
[SourceQuality "1"]
[WhiteTeam "Porz"]
[BlackTeam "Tegernsee"]
[WhiteTeamCountry "GER"]
[BlackTeamCountry "GER"]

1. c4 e5 2. g3 Nf6 3. Bg2 d5 4. cxd5 Nxd5 5. Nc3 Nb6 6. Nf3 Nc6 7. O-O Be7 8.
d3 O-O 9. Be3 {Das ist die alte Fortsetzung - heutzutage bevorzugt man die
Varianten mit a2 - a3.} Re8 {Das ist eine für diese Variante typische
Spielweise - Schwarz bereitet 10...Bf8 vor.} (9... f5) (9... Be6) 10. Rc1 (10.
Qc1 Bf8 (10... Bg4 11. Re1 Bf8) 11. Ne4 Nd4 12. Re1 a5 $11) 10... Bf8 (10...
Bg4) 11. Ne4 Nd4 {Dieser Zug ist stärker als das schablonenhafte 11...Be6?!.} (
11... Be6 $6 12. Nc5 Bxc5 13. Rxc5 Bd5 14. Nd2 Bxg2 15. Kxg2 Nb4 (15... Nd4 $5)
16. Ne4 N4d5 17. Bg5 f6 18. Bd2 c6 19. Qb3 $16 {1/2-1/2 Huebner,R-Hertneck,G/
Munich 1993/CBM 36 (44)}) 12. Nc5 Nxf3+ (12... Bxc5 13. Rxc5 Bg4 14. Bxd4 exd4
15. Re1 c6 16. Qd2 Qd6 17. Rc2 (17. Ra5 a6 18. Ng5 Nd7 19. h3 Be6 20. Nxe6 Rxe6
21. b4 Rae8 22. Qb2 g6 23. a3 f5 24. Qd2 Qe7 25. Kf1 Kg7 26. a4 h5 27. h4 {
1-0 Rukavina,J-Dabo Peranic,R/Pula 2001/EXT 2002 (58)}) 17... h6 18. Qa5 Bxf3
19. Bxf3 Re5 20. Qd2 Rae8 21. a3 a5 22. Rb1 {1-0 Videki,S-Dorfman,J/Cannes
1989/TD (40)}) (12... Nf5 13. Bd2 a5 (13... c6 14. b4 a6 15. e4 Nd6 16. Be3 Bg4
17. a4 {1/2-1/2 Bancod,R-Timoshenko,G/Jakarta 1997/EXT 2000 (32)}) 14. Ng5 c6
15. a4 Nd4 16. Re1 Nd7 17. Nb3 h6 18. Nf3 Nxb3 19. Qxb3 Nc5 20. Qc2 Be6 21. Be3
Nb3 22. Rb1 Bb4 23. Red1 Nd4 {0-1 Kaufman,L-Chernin,A/Philadelphia 2001/EXT
2002 (54)}) 13. Bxf3 c6 14. Qb3 {Weiß verhindert die Entwicklung des schwarzen
Damenflügels - jetzt geht 14...Nd5 nicht wegen 15.Nxb7.} (14. a3 Nd5 15. Bd2 b6
16. Ne4 c5 17. Qa4 (17. Qb3 Bb7 18. Nxc5 Bxc5 19. Rxc5 Nf4 $1 (19... bxc5 20.
Qxb7 Nb6 21. Ba5 $44) 20. Bxf4 Bxf3 21. Rxe5 Rxe5 22. Bxe5 Bxe2 $11) 17... Bb7
18. b4 f5 19. Qb3 fxe4 20. dxe4 Kh8 21. exd5 e4 22. Bg2 Qxd5 $13) 14... Bxc5 {
Schwarz gibt das Läuferpaar auf, wird dafür aber den wirklich sehr starken Nc5
los.} 15. Bxc5 (15. Rxc5 Be6 16. Qa3 Bd5 17. Bxd5 Nxd5 18. Qb3 Qd7 19. Bd2 e4
20. Rc4 Nb6 21. Rc3 Re5 22. Kg2 Rae8 23. Bc1 Rh5 24. h4 Nd5 25. Rc4 Rxh4 {
0-1 Walach,M-Savon,V/Katowice 1993/EXT 98 (30)}) 15... Be6 $11 {Schwarz hat
eine feste Stellung erreicht. Weiß besitzt zwar das Läuferpaar, aber die
Stellung ist nicht offen, so dass dieses Detail nicht wirklich zum Tragen
kommt.} (15... Bh3 16. Rfd1 $14) 16. Qb4 (16. Qa3) 16... Qd7 (16... Bd5 $5 17.
Bxd5 (17. Bxb6 Qxb6 18. Qxb6 axb6 19. Bxd5 cxd5 20. a3 Rac8 $11) 17... cxd5 $11
) 17. Rfd1 (17. Bxb6 $6 axb6 18. a3 b5 $15) 17... Nd5 18. Qa4 Nf6 {[%cal Ge6g4,
Gg4f3] Mit dem Textzug bereitet Schwarz den Läufertausch - mittels 19...Bg4 -
vor.} 19. b3 Bg4 20. Bxg4 Nxg4 (20... Qxg4 $142 $5 $11) 21. f3 Nf6 22. Bf2 h5
$6 {Dieser Zug scheint mir zu aggressiv. Schwarz schwächt damit freiwillig
seine Königsstellung.} (22... Nd5 $11) 23. Kg2 Re6 {[%csl Ga4][%cal Gf2a7]
Schwarz bereitet das mögliche Re6-d6 vor. - Die weiße Dame steht gut auf a4,
denn sie zwingt den schwarzen Turm, auf a8 zu verweilen.} 24. h4 {Weiß legt
den Ph5 fest.} Nd5 25. e4 Nc7 26. d4 Rd6 (26... exd4 27. Qxd4 $14 (27. Rxd4 $14
)) 27. Rc5 {[%cal Gc5h5] Dieser zweischneidige Zug ist sehr riskant.} (27. Qc4)
27... Re8 $6 (27... exd4 $142 $1 28. Rxh5 (28. Rxd4 $2 Rxd4 29. Qxd4 Qxd4 30.
Bxd4 Ne6 31. Rc4 b5 $19) 28... Ne6 $15) 28. d5 $14 Qd8 (28... cxd5 $2 29. Rxc7
$18) (28... Nb5 29. dxc6 bxc6 30. Rxd6 Qxd6 31. Qc4 $14) 29. Qxa7 Na6 (29...
cxd5 30. Qxb7 Re7 31. Rc6 d4 32. a4 $16) 30. Qxb7 {Weiß opfert die Qualität.
Seine Bauern am Damenflügel und im Zentrum sind gefährlich .} (30. Rcc1 cxd5
31. Qxb7 d4 32. Qb5 (32. a4 $2 Rb6) 32... Rb6 33. Qe2 $14) 30... Nxc5 31. Bxc5
{[%mdl 1024]} Rg6 $132 {[%csl Rg2,Gg6][%cal Gg6g2]} 32. d6 Qxh4 33. Bf2 Qf6 34.
d7 (34. Qxc6 Rd8 $13 {[%csl Rd6][%cal Gh5h4]}) 34... Rd8 35. Qc7 h4 {[%csl Gh4]
[%cal Gh4h3] Schwarz mobilisiert seine Reserven - in einigen Varianten muss
Weiß auch mit h4-h3+ rechnen.} 36. a4 (36. Rd6 $5 Qe7 37. Rd3 {Damit
verteidigt Weiß den Pf3 und droht zugleich 38.Bb6.}) (36. g4 h3+ 37. Kh2 Kh7
38. Rd3 Qf4+ 39. Bg3 Qc1 {[%csl Gc1]} 40. Qxd8 Qc2+ 41. Kxh3 Rh6+ 42. Bh4 Qxd3
$17) 36... Kh7 $1 {[%mdl 256] Schwarz verlässt die Grundlinie. Nun kann die
Qf6 wegziehen, ohne dass der Rd8 mit Schach fällt. Es droht jetzt konkret 37...
h3+.} 37. Rh1 Qe7 38. Rd1 (38. Rxh4+ Kg8 {[%csl Rd7]} 39. Bb6 (39. Rh5 Re6 40.
Bb6 (40. Bc5 Qxd7 41. Qxd7 Rxd7 42. a5 Rd2+ $15) 40... Rxd7 41. Qc8+ Qe8 $15)
39... Qxh4 (39... Rxd7 40. Qc8+ $18) 40. Qxd8+ Qxd8 41. Bxd8 Rd6 42. Bb6 Rxd7
43. b4 $15) 38... Qf6 39. Rh1 Qe7 40. Rd1 Qf6 {Und Remis durch Zugwiederholung.
} 1/2-1/2

[Event "RUS-ch"]
[Site "Elista"]
[Date "1995.??.??"]
[Round "8"]
[White "Ionov, Sergey"]
[Black "Lugovoi, Aleksei"]
[Result "1-0"]
[WhiteElo "2525"]
[BlackElo "2490"]
[Annotator "Ribli,Z"]
[PlyCount "79"]
[EventDate "1995.10.??"]
[EventType "swiss"]
[EventRounds "11"]
[EventCountry "RUS"]
[SourceTitle "CBM 050"]
[Source "ChessBase"]
[SourceDate "1996.02.01"]
[SourceVersion "1"]
[SourceVersionDate "1996.02.01"]
[SourceQuality "1"]

1. c4 e5 2. g3 Nc6 3. Bg2 Nf6 4. Nf3 g6 5. O-O Bg7 6. Nc3 O-O 7. d4 exd4 (7...
d6 {-> E62}) 8. Nxd4 Nxd4 $6 {Dieser Zug gefaellt mir nicht, weil die weissen
Laeufer jetzt deutlich besser stehen als die schwarzen Kollegen.} (8... Re8 9.
Nxc6 $5 bxc6 10. Qa4 Bb7 11. Bf4 $14 {Miles,A-Ivanchuk,V/Biel/1989/CBM14/INF48,
21/}) 9. Qxd4 Re8 {Eine Neuerung} (9... d6 10. Qd2 (10. Qh4 $5) 10... Rb8 11.
b3 a6 12. Bb2 b5 13. cxb5 axb5 14. Rfd1 (14. Rac1 $5) 14... Re8 15. Nd5 Bb7 16.
Bxf6 Bxf6 17. Rac1 Bxd5 18. Bxd5 Bg7 19. Rc6 $14 {Azmayparashvili,Z-Akopian,V/
Erevan/1989/CBM14/}) 10. Qh4 $5 {Jetzt droht /\ Bg5 mit einer sehr
unangenehmen Fesselung.} Re5 11. Bf3 $5 {Droht /\ Bg5 wieder} (11. Bg5 $6 h6 $1
12. Bxh6 $2 Rh5 $19) 11... Qf8 12. Bg5 Re6 (12... Ne8 13. Nd5 f6 14. Bd2 c6 15.
Ne3 $14) 13. Nd5 $1 {Weiss verbessert seine Stellung thematisch durch
Raumgewinn.} Nxd5 14. cxd5 Rb6 15. Be7 $1 Qe8 16. Rac1 h6 (16... Rxb2 17. Rxc7
Rxa2 18. Rfc1 $18 {Droht /\ d6 und Qc4}) 17. Rxc7 g5 18. Qe4 d6 (18... f5 19.
Qc4 Qxe7 20. d6+ Qe6 21. Bd5 $18) (18... Bxb2 19. d6 $18) 19. Bg4 $5 (19. b3 $5
{Weiss koennte seinen Mehrbauern ohne Risiko behalten.} f5 (19... Bd7 20. Bg4
$18) (19... Be5 20. Bg4 $18) 20. Qe3 Be5 21. Bf6 $18) 19... Bxb2 20. h4 $1 {
Der Anziehende will den gegnerischen Koeningfluegel zerstoeren.} Ra6 $8 {
Droht /\ Ra4.} (20... gxh4 $4 21. Bxc8 Rxc8 22. Qg4+ $18) 21. Qf3 (21. Bxc8
Rxc8 22. Rxb7 $18) 21... Ra3 22. e3 Ra4 23. Bh5 (23. Bxc8 Rxc8 24. Rxb7 $18)
23... g4 24. Qd1 $1 {Jetzt konnte der Nachziehende alle Drohungen nicht
vermeiden.} Bd7 (24... Be5 25. Bxd6 $1 Bxd6 26. Bxf7+ Qxf7 27. Rxf7 Kxf7 28.
Qxa4 $18) 25. Bxd6 b6 (25... Rc8 26. Rxb7 $18) 26. Bf4 {Droht /\ Bg4} Rc8 {
Der Partiezug ermoeglicht eine huebsche Kombination.} 27. Rxd7 $1 Rxf4 (27...
Qxd7 28. Bxg4 f5 29. Bxf5 Qxf5 30. Qxa4 $18) 28. Bxg4 (28. Rxa7 Rc1 29. Qxc1 $1
{Der einfachste Weg} Bxc1 30. exf4 $18) 28... Rc1 29. Qe2 Rxf1+ 30. Kxf1 Qe4
31. Kg1 $1 (31. gxf4 $4 Qh1#) 31... Qb1+ 32. Kh2 Rf6 33. Bf3 Qxa2 34. d6 Kg7
35. Rc7 Qa3 (35... Rxd6 36. Rc2 $18) 36. d7 Rd6 37. Qc4 Qd3 38. d8=Q Rxd8 39.
Qxf7+ Kh8 40. e4 {Weiss hat seinen grossen Eroeffnungsvorteil mit leichter
Hand zum Sieg verwer- tet. Ribli} 1-0

[Event "Groningen"]
[Site "Groningen"]
[Date "1991.??.??"]
[Round "4"]
[White "Hansen, Curt"]
[Black "Akopian, Vladimir Eduardovic"]
[Result "0-1"]
[WhiteElo "2600"]
[BlackElo "2590"]
[Annotator "Ribli,Z"]
[PlyCount "94"]
[EventDate "1991.12.??"]
[EventType "tourn"]
[EventRounds "9"]
[EventCountry "NED"]
[EventCategory "13"]
[SourceTitle "CBM 027"]
[Source "ChessBase"]
[SourceDate "1992.04.01"]
[SourceVersion "1"]
[SourceVersionDate "1992.04.01"]
[SourceQuality "1"]

1. c4 {Ernst} e5 2. Nc3 Nf6 3. Nf3 Nc6 4. g3 g6 5. d4 exd4 6. Nxd4 Bg7 7. Bg2
O-O 8. O-O Re8 9. Nc2 $2 (9. Nxc6 $5 bxc6 10. Qa4 Bb7 11. Bf4 (11. Rd1 Qc8 12.
Bg5 h6 13. Bxf6 Bxf6 14. Ne4 Bg7 15. Nc5 Rxe2 16. Rab1 a5 17. Qb3 $14 {Psakhis,
L-Stanec,N Vienna op 1991 EXP/25}) 11... Qc8 12. Rad1 a5 13. Rd2 h6 14. Rfd1 $2
(14. c5 $1 $14) 14... c5 $10 {Miles,A-Ivanchuk,V Biel 1989 CBM/14 48/21}) 9...
d6 10. b3 Bf5 11. Rb1 a5 12. Re1 Ne4 13. Nxe4 Bxe4 14. f3 Bxc2 15. Qxc2 Bd4+
16. e3 Qg5 $1 17. f4 Qc5 18. Qf2 (18. exd4 $2 {Ernst} Rxe1+ 19. Kf2 Qxd4+ 20.
Kxe1 Qg1+ 21. Bf1 Re8+ $19) 18... Qf5 19. Bd2 Bc5 20. Rbd1 a4 $15 21. Bc3 axb3
22. axb3 Nb4 23. Bxb4 (23. Bxb7 {Ernst} Ra2 24. Qf3 Nc2 $36) 23... Bxb4 24. Re2
Ra3 25. Bxb7 Rxb3 26. Bc6 Re7 27. Qf3 Qc5 28. Be4 Qb6 29. Rd3 Bc5 30. Kg2 Qb4
31. Rxb3 Qxb3 32. Bd5 Rxe3 33. Rxe3 Bxe3 34. f5 Qc2+ 35. Kh1 Qc1+ 36. Kg2 g5
37. f6 h5 $1 38. Qxh5 Qg1+ 39. Kh3 Qf1+ 40. Bg2 (40. Kg4 {Ernst} Qe2+ 41. Bf3
Qxc4+ $17) 40... Qf5+ 41. g4 Qxf6 42. Be4 Qf1+ 43. Bg2 Qd3 44. Bf3 Bf4 45. Kg2
Qd2+ 46. Kh1 Qf2 47. Qh3 Be3 0-1

[Event "Mitropa Cup 13th"]
[Site "Leibnitz"]
[Date "1990.??.??"]
[Round "2"]
[White "Cvetkovic, Srdjan"]
[Black "Sarno, Spartaco"]
[Result "1-0"]
[WhiteElo "2430"]
[BlackElo "2385"]
[Annotator "Ribli,Z"]
[PlyCount "101"]
[EventDate "1990.09.??"]
[EventType "team-tourn"]
[EventRounds "7"]
[EventCountry "AUT"]
[SourceTitle "CBM 020"]
[Source "ChessBase"]
[SourceDate "1991.02.01"]
[SourceVersion "1"]
[SourceVersionDate "1991.02.01"]
[SourceQuality "1"]

1. c4 Nf6 2. Nc3 d5 3. cxd5 Nxd5 4. g3 Nc6 5. Bg2 Nb6 6. Nf3 e5 7. O-O Be7 8.
a3 O-O 9. b4 Be6 10. Rb1 f6 11. d3 Nd5 12. Bb2 (12. Qc2 Nxc3 13. Qxc3 Qd7 14.
Be3 Bd5 15. Rfc1 {Azmayparashvili,Z-Hansen,LB Amsterdam OHRA-B 1989 CBM/15})
12... a5 $6 (12... Nxc3 13. Bxc3 Qd7 14. b5 Nd8 15. a4 a6 16. Nd2 axb5 17. axb5
Bd5 {Ftacnik,L-Arnason,J Haninge 1989 CBM/13}) 13. Nxd5 Bxd5 14. b5 Nd4 15.
Nxd4 exd4 16. Bxd5+ Qxd5 17. Qa4 $1 Bc5 18. Rfc1 Bb6 19. Qc4 $1 Rad8 20. a4 $14
Rfe8 21. Kf1 Re6 22. Qxd5 Rxd5 23. Rc4 Kf7 24. Rbc1 Ke8 25. Ba3 Ree5 26. f4 $1
Re6 27. Bc5 $1 Bxc5 28. Rxc5 Rxc5 29. Rxc5 Kd7 30. Kf2 g6 31. f5 gxf5 32. Rd5+
Rd6 33. Rxf5 Ke6 34. Rc5 Rd7 35. Kf3 Kd6 36. Rf5 Ke6 37. Rh5 Re7 38. g4 Rg7 39.
h3 Re7 40. Rf5 b6 41. Ke4 Kf7+ 42. Kxd4 Rxe2 43. g5 Rh2 44. Rxf6+ Kg7 45. Kd5
Rxh3 46. Kc6 Rxd3 47. Kxc7 Rd4 48. Kxb6 Rxa4 49. Ka7 Rg4 50. Ra6 Rxg5 51. b6
1-0

[Event "Groningen"]
[Site "Groningen"]
[Date "1991.??.??"]
[Round "1"]
[White "Akopian, Vladimir Eduardovic"]
[Black "Christiansen, Larry Mark"]
[Result "1/2-1/2"]
[WhiteElo "2590"]
[BlackElo "2600"]
[Annotator "Ribli,Z"]
[PlyCount "48"]
[EventDate "1991.12.??"]
[EventType "tourn"]
[EventRounds "9"]
[EventCountry "NED"]
[EventCategory "13"]
[SourceTitle "CBM 027"]
[Source "ChessBase"]
[SourceDate "1992.04.01"]
[SourceVersion "1"]
[SourceVersionDate "1992.04.01"]
[SourceQuality "1"]

1. c4 e5 2. Nc3 Nf6 3. g3 Bb4 4. Bg2 O-O 5. Nf3 Nc6 6. O-O Re8 7. d3 (7. Nd5
Bc5 $5 8. d3 h6 9. Rb1 a5 10. Nd2 Ba7 11. a3 d6 12. b4 axb4 13. axb4 Nd4 14. e3
Ne6 $13 {Gedevanishvili,D-Handoko,E Sydney Cepacol 1991 CBM/23}) 7... Bxc3 (
7... d6 8. Nd5 Nxd5 9. cxd5 Ne7 10. e4 c6 11. d4 cxd5 12. dxe5 dxe4 13. Ng5 d5
14. Qh5 Bf5 15. Qxf7+ Kh8 16. Be3 Bg6 17. Rad1 Rf8 18. Qe6 Qe8 19. Qh3 Rc8 20.
g4 $13 {Krogius,N-Lhagva,G Bejing op 1991 EXP/22}) 8. bxc3 e4 9. Ng5 (9. Nd4 h6
$6 (9... exd3 $5 10. exd3 h6 11. Be3 Ne5 12. Re1 (12. Rb1 $5) 12... d6 13. h3
c5 14. Nf3 Ng6 $13 {Gurevich,M-Salov,V Linares CBM/22 51/40}) 10. dxe4 Nxe4 11.
Qc2 d5 12. cxd5 Qxd5 13. e3 $13 {Kasparov,G-Karpov,An Sevilla m 1987 CBM/04 44/
21}) 9... exd3 10. exd3 b6 (10... d6 11. Rb1 Ne5 12. Rb2 Rb8 13. f3 b6 14. Ne4
Nxe4 15. fxe4 Bg4 $13 {Poldauf,D-Mnatsakanian,E Budapest Spring op 1990 EXP/17}
) 11. Re1 Rxe1+ 12. Qxe1 Bb7 13. Bd5 Qf8 14. Qd1 (14. Bxf7+ $5 Kh8 15. Bd5 Re8
16. Qd1 h6 17. Ne4 Nxd5 18. cxd5 Ne5 19. f4 Nf7 20. c4 c6 21. dxc6 Bxc6 $44)
14... Nd8 15. Bxb7 Nxb7 16. Qf3 c6 17. Be3 h6 18. Nh3 Qe7 19. Nf4 Re8 20. Bd4
Nd6 21. a4 Nf5 22. Nd5 Nxd5 23. Qxf5 Nc7 24. a5 Ne6 1/2-1/2

[Event "Reggio Emilia Top16 33rd"]
[Site "Reggio Emilia"]
[Date "1991.??.??"]
[Round "?"]
[White "Ribli, Zoltan"]
[Black "Andersson, Ulf"]
[Result "1/2-1/2"]
[WhiteElo "2595"]
[BlackElo "2640"]
[Annotator "Ribli,Z"]
[PlyCount "89"]
[EventDate "1991.01.??"]
[EventType "tourn"]
[EventRounds "14"]
[EventCountry "ITA"]
[EventCategory "16"]
[SourceTitle "CBM 022"]
[Source "ChessBase"]
[SourceDate "1991.06.01"]
[SourceVersion "1"]
[SourceVersionDate "1991.06.01"]
[SourceQuality "1"]

1. c4 Nf6 2. Nc3 e5 3. g3 Bb4 4. Nf3 Nc6 5. Bg2 O-O 6. O-O Re8 7. Nd5 Nxd5 8.
cxd5 Nd4 9. Nxd4 exd4 10. e3 $1 dxe3 11. dxe3 d6 12. Bd2 Bc5 13. b4 Bb6 14. Qc2
a5 15. Rfc1 $1 $14 a4 16. a3 Bg4 17. h3 Bh5 18. Bc3 Re7 19. Qb2 f6 20. Bd4 Bxd4
21. Qxd4 b6 22. Rc3 Bf7 23. Rac1 Ra7 24. h4 Be8 25. Bh3 Bd7 26. Be6+ $1 Bxe6
27. dxe6 Rxe6 28. Qd5 Kf7 29. f4 Ke7 30. b5 Kd7 31. Qc6+ Ke7 32. Qxc7+ $1 Rxc7
33. Rxc7+ Ke8 $2 (33... Qd7 $1) 34. Kf2 $1 d5 35. Rc8 Qxc8 36. Rxc8+ Kd7 37.
Rc3 $2 (37. Rg8 $1 $16) 37... f5 38. Kf3 h5 39. Ke2 d4 $1 40. Rd3 Rxe3+ 41.
Rxe3 dxe3 42. Kxe3 Kd6 43. Kd4 Ke6 44. Kc4 Kd6 45. Kd4 1/2-1/2

[Event "Horgen"]
[Site "Horgen"]
[Date "1995.10.31"]
[Round "10"]
[White "Gulko, Boris F"]
[Black "Ivanchuk, Vassily"]
[Result "1/2-1/2"]
[WhiteElo "2620"]
[BlackElo "2740"]
[Annotator "Ribli,Z"]
[PlyCount "58"]
[EventDate "1995.10.??"]
[EventType "tourn"]
[EventRounds "11"]
[EventCountry "SUI"]
[EventCategory "17"]
[SourceTitle "CBM 050"]
[Source "ChessBase"]
[SourceDate "1996.02.01"]
[SourceVersion "1"]
[SourceVersionDate "1996.02.01"]
[SourceQuality "1"]

1. c4 Nf6 2. Nc3 e5 3. Nf3 Nc6 4. g3 Bb4 5. Bg2 O-O 6. O-O e4 7. Ng5 Bxc3 8.
bxc3 Re8 9. f3 e3 10. d3 d5 11. cxd5 {Weiss waehlt einen seltenen Zug.} Nxd5
12. Qb3 (12. Ne4 $6 f5 13. c4 fxe4 14. cxd5 exf3 15. Rxf3 Nd4 16. Rxe3 Bg4 17.
Be4 Qf6 $44 {Beltran,S-Veingold,A/Oviedo 25'/1993/EXP38/}) 12... Na5 (12...
Qxg5 13. f4 Nxf4 14. Rxf4 $44 {Karpov}) 13. Qa3 b6 {Eine neue Idee} (13... Qxg5
14. Qxa5 Qe5 15. Bb2 $5 (15. d4 Qd6 $10 {Karpov})) 14. f4 (14. c4 $6 Qxg5 15.
f4 Nxf4 $1 16. Rxf4 Bb7 $15) 14... Bb7 15. Bb2 (15. c4 Nf6 16. Bxb7 Nxb7 17.
Rf3 h6 18. Nh3 Qd7 19. Kg2 Ng4 $13) 15... c5 16. c4 Nb4 17. Qc3 f6 18. Bxb7
Nxb7 19. Nf3 Nd6 20. g4 $5 Nc6 21. Kh1 (21. g5 Nf5 22. gxf6 Ncd4 $15) 21... Qd7
$1 {Mit diesem Zug deckt Schwarz den g7-Punkt und er bereitet auch sein
Gegenspiel vor.} 22. Rg1 Qb7 $1 23. g5 (23. Rg2 $5) 23... Nd4 24. gxf6 g6 $1 (
24... Nxe2 $4 {[#]} 25. f7+ $1 $18) 25. Rg2 N6f5 $1 (25... Nxf3 $2 26. f7+ $1
Kxf7 27. Qf6+ Kg8 28. Qh8+ Kf7 29. Qxh7+ Ke6 30. Rxg6+ $18) 26. Ng5 Rf8 27. f7+
Rxf7 28. Nxf7 Kxf7 {Im Endergebnis hat Gulko eine Qualitaet gewonnen, aber
wegen der schwarzen Riesenspringer (d4 und f5) muss er schon aufpassen.} 29.
Qe1 $1 Nc2 (29... Nc2 30. Qc3 Ncd4 $10) 1/2-1/2

[Event "Hoogovens"]
[Site "Wijk aan Zee"]
[Date "1991.01.??"]
[Round "11"]
[White "Lautier, Joel"]
[Black "Sokolov, Ivan"]
[Result "1/2-1/2"]
[WhiteElo "2550"]
[BlackElo "2570"]
[Annotator "Ribli,Z"]
[PlyCount "120"]
[EventDate "1991.01.??"]
[EventType "tourn"]
[EventRounds "13"]
[EventCountry "NED"]
[EventCategory "14"]
[SourceTitle "CBM 022"]
[Source "ChessBase"]
[SourceDate "1991.06.01"]
[SourceVersion "1"]
[SourceVersionDate "1991.06.01"]
[SourceQuality "1"]

1. c4 e5 2. Nc3 Nc6 3. Nf3 Nf6 4. g3 Bc5 $5 5. Bg2 O-O 6. O-O d6 7. d3 h6 8. a3
a6 9. b4 Ba7 10. Bb2 Be6 11. Nd2 d5 12. cxd5 Nxd5 13. Rc1 Nxc3 14. Bxc3 Bd5 15.
Bxd5 Qxd5 16. Qb3 $1 Rad8 17. a4 Rfe8 18. b5 axb5 19. axb5 Ne7 20. Ba5 Qxb3 21.
Nxb3 Rd5 22. Bxc7 Rxb5 23. Nd2 Rb2 24. Ba5 Nd5 25. Rb1 Ra2 26. Ra1 Rxa1 27.
Rxa1 Bd4 28. Ra3 b6 29. e4 Nf6 30. Bc3 Bc5 31. Ra2 Rd8 32. Bxe5 Rxd3 33. Bxf6
gxf6 34. Kf1 Rc3 35. Ke2 b5 36. Rb2 b4 37. Rb3 Rxb3 38. Nxb3 Bb6 39. f3 Kg7 40.
f4 Kg6 41. Kf3 f5 42. g4 fxg4+ 43. Kxg4 f5+ 44. exf5+ Kf6 45. h4 Bf2 46. h5 Bb6
47. Nd2 Bd4 48. Nb3 Be3 49. Na5 Ke7 50. Kf3 Bd4 51. Nb3 Bc3 52. Nc5 Bd4 53. Nb3
Bf6 54. Nc5 Bh8 55. Ke4 Kd6 56. Nb3 Bf6 57. Nd2 Kc5 58. Kd3 Kd5 59. Ne4 Bh4 60.
f6 Ke6 {(2.58/2.31)} 1/2-1/2

[Event "RUS-ch"]
[Site "Elista"]
[Date "1995.??.??"]
[Round "7"]
[White "Kharlov, Andrei"]
[Black "Morozevich, Alexander"]
[Result "0-1"]
[WhiteElo "2555"]
[BlackElo "2630"]
[Annotator "Ribli,Z"]
[PlyCount "96"]
[EventDate "1995.10.??"]
[EventType "swiss"]
[EventRounds "11"]
[EventCountry "RUS"]
[SourceTitle "CBM 050"]
[Source "ChessBase"]
[SourceDate "1996.02.01"]
[SourceVersion "1"]
[SourceVersionDate "1996.02.01"]
[SourceQuality "1"]

1. c4 {Hecht} e5 2. Nc3 Nf6 3. Nf3 Nc6 4. g3 d5 5. cxd5 Nxd5 6. Bg2 Nb6 7. O-O
g6 {Eine sehr seltene Fortsetzung.} (7... Be7 $5) 8. a4 (8. b3 $5 {Einer
logische Zug, der die schwarze Rochade verhindern will.} Be6 9. d3 Bg7 10. Ba3
$1 Nc8 11. Rc1 N8e7 12. Ne4 O-O 13. Nc5 $14 {Znamenacek,K-Trichkov,V/Prague/
1994/EXP40/}) 8... a5 9. d3 Bg7 10. Bg5 Ne7 $5 {Eine Neuerung} (10... f6 $6 {
Ein strategischer Fehler, weil jetzt der g7-Lauefer keine schoene Perspektive
hat.} 11. Be3 O-O 12. d4 $1 exd4 13. Nxd4 Nxd4 14. Bxd4 $14 {Psakhis,
L-Ermenkov,E/Groningen op/1990/CBM22/}) 11. Qc1 h6 (11... O-O 12. Bh6 $14) 12.
Bd2 {Droht /\ d4,Nb5} c6 13. e4 Nd7 (13... Qxd3 $2 {Diesen Bauern zu nehmenn
ist mehr als gefaerhlich.} 14. Rd1 $1 Qc4 (14... Qa6 $2 15. Bf1 Qa7 16. Be3 $18
) 15. Be3 Nd7 16. Rd6 $44) 14. Be3 Nf8 15. Rd1 {Droht /\ d4 mit klarem Vorteil.
} Ne6 16. Ne2 Nd4 17. Nexd4 (17. Bxd4 exd4 18. e5 Bg4 $5 (18... O-O $6 19.
Nexd4 Bxe5 $2 20. Qxh6 Bxd4 $4 21. Ng5 $18) 19. Qf4 $13) 17... exd4 18. Bd2 Be6
19. b4 $5 {Weiss opfert einen Bauern fuer die Initiative.} axb4 20. Bxb4 Bb3
21. Re1 Rxa4 22. Rxa4 Bxa4 23. Qa3 Bb5 $5 (23... b5 24. Rc1 $44) 24. e5 $44 {
Droht /\ Bd6,Nd4} b6 25. Nxd4 (25. Bxe7 Qxe7 26. Qa8+ Qd8 27. Qxd8+ Kxd8 28.
Nxd4 Kd7 29. Nxb5 cxb5 30. d4 $14) 25... Qxd4 26. Bxe7 c5 27. Bf6 $4 {Bisher
hat Weiss alles gemacht, die schwarze Rochade zu verhindern. Dieser Zug ist
einfach unverstaendlich.} (27. Bd6 $1 $18 {Schwarz steht jetzt vor einer
unloesbare Aufgabe.} Qa4 28. Qxa4 (28. Qb2 $5 $18) 28... Bxa4 29. Rb1 $18)
27... O-O 28. Qb3 Bxd3 29. Bxg7 $2 (29. Qxb6 Qb4 $17) 29... c4 $1 {Ein starker
Zwischenzug.} 30. Qb4 Kxg7 31. Bf1 Bxf1 32. Rxf1 Re8 33. Rc1 Rxe5 34. Qxc4 Qxc4
35. Rxc4 {Hecht: T - T Motive: sT deckt seitlich den b-Freibauern und hindert
wK an Aktivierung; Aufgabe Bauern K-Flügel zwecks Forcierung des Freibauern}
Re7 $1 {Ein Lehrbeispiel zur Theorie der Turmendspiel: Der aktive schwarze
Turm und der Koenig garantieren den Sieg.} (35... b5 $1 {Hecht}) 36. Kf1 b5 37.
Rb4 (37. Rc6 $5) 37... Re5 $1 {Schwarz will den weissen Koenig aus dem Spiel
aussperren.} (37... Rb7 $5 {Hecht} 38. Ke2 Kf6 39. Kd3 Ke5 40. Kc3 Kd5 {
Hecht:mit Aktivierung des wK ist schwerer zu gewinnen}) 38. Rd4 Kf6 39. Rd8 Ke7
40. Rb8 Kd7 $1 41. Rb7+ Kc6 $1 {Schwarz opfert einige Bauern.} 42. Rxf7 b4 43.
Rf6+ (43. Rf8 Rb5 44. Rc8+ Kd5 45. Rc1 b3 46. Ke2 b2 47. Rb1 Kc4 48. Kd2 Kb3
$19) 43... Kb5 44. Rxg6 b3 45. Rg8 Re6 $1 46. Rb8+ Rb6 47. Rd8 b2 48. Rd1 Rc6
$1 {Ribli} (48... Rc6 $1 49. Kg2 Rc1 50. Rd8 b1=Q 51. Rb8+ Kc5 52. Rxb1 Rxb1
$19) 0-1